A LC/APCI-MS/MS method for analysis of imidacloprid in soils, in plants, in pollens /
Gespeichert in:
| Weitere Verfasser: | , , , , , |
|---|---|
| Format: | Artikel |
| Sprache: | English |
| Schlagworte: | |
| Tags: |
Tag hinzufügen
Keine Tags, Fügen Sie den ersten Tag hinzu!
|
| Thư viện lưu trữ: | Thư viện Trường Đại học Đà Lạt |
|---|
| LEADER | 01087nam a2200397 4500 | ||
|---|---|---|---|
| 001 | DLU090096982 | ||
| 005 | ##20091201 | ||
| 040 | # | # | |a DLU |b eng |
| 041 | # | # | |a eng |
| 044 | # | # | |a us |
| 245 | # | # | |a A LC/APCI-MS/MS method for analysis of imidacloprid in soils, in plants, in pollens / |c J. M. Bonmatin ... [et al.]. |
| 653 | # | # | |a Apis |
| 653 | # | # | |a Arthropoda |
| 653 | # | # | |a HPLC chromatography |
| 653 | # | # | |a Invertebrata |
| 653 | # | # | |a Mass spectrometry |
| 653 | # | # | |a Pesticides |
| 653 | # | # | |a Plant |
| 653 | # | # | |a Pollen |
| 653 | # | # | |a Soils |
| 700 | # | # | |a Bengsch, E. R. |
| 700 | # | # | |a Bonmatin, J. M. |
| 700 | # | # | |a Charvet, R. |
| 700 | # | # | |a Colin, M. E. |
| 700 | # | # | |a Fleche, C. |
| 700 | # | # | |a Moineau, I. |
| 773 | # | # | |t Analytical Chemistry |g Vol. 75, no. 9 (May 2003), p. 2027-2033 |
| 920 | # | # | |a Phòng Tạp chí -- Trung tâm Thông tin - Thư viện Trường Đại học Đà Lạt |
| 994 | # | # | |a DLU |
| 900 | # | # | |a True |
| 911 | # | # | |a Trương Bảo Trâm Anh |
| 925 | # | # | |a G |
| 926 | # | # | |a A |
| 927 | # | # | |a BB |
| 980 | # | # | |a Thư viện Trường Đại học Đà Lạt |